Click USA States - Statistics

General Stats
  • This quiz has been taken 1,298 times
  • The average score is 30 of 50
Answers on the Map
Answers color-coded by a green-red scale on the quiz's map according to % correct below.
 
Answer Stats
Answer % Correct
Florida
81%
Alaska
77%
Arizona
77%
Maine
71%
Louisiana
70%
Michigan
70%
Nevada
70%
Washington
70%
North Carolina
69%
North Dakota
69%
New Mexico
68%
Hawaii
66%
Idaho
66%
New York
66%
Illinois
65%
California
64%
Oklahoma
63%
South Dakota
63%
Georgia
62%
Pennsylvania
62%
South Carolina
62%
Texas
62%
Alabama
61%
Iowa
60%
Montana
60%
Oregon
60%
Rhode Island
60%
Tennessee
60%
Delaware
59%
New Jersey
59%
Colorado
58%
Minnesota
58%
Vermont
58%
Indiana
57%
Massachusetts
57%
Wisconsin
57%
Arkansas
56%
Nebraska
54%
Missouri
52%
New Hampshire
52%
West Virginia
50%
Connecticut
49%
Kansas
48%
Mississippi
48%
Kentucky
47%
Maryland
47%
Utah
47%
Virginia
47%
Ohio
46%
Wyoming
46%
No matching quizzes found
Score Distribution
Percent of People with Each Score
Percentile by Number Answered
Your Score History
You have not taken this quiz